000 00835nam a2200229Ia 4500
003 GCL
008 140319s9999 xx 000 0 ara d
020 _a8632208977
040 _aGCL /
_cGCL
082 0 4 _aق
_b355.1342932
_bع أ
100 1 _aعبدالله عبدالرازق عبدالحميد
245 1 0 _aالاوسمة العسكرية الملكية فى مصر الفرعونية /
_cعبدالله عبدالرازق عبدالحميد
250 _aالاولى
260 _aالقاهرة :
_bمكتبة مدبولى ،
_c2007
300 _a364 ص ؛
_c28 سم
650 0 4 _aمصر القديمة - تاريخ
650 0 4 _aالاوسمة والنياشين
650 0 4 _aالدروع
650 0 4 _aالميداليات
650 0 4 _aالاوسمة والنياشين - مصر القديمة
942 _2ddc
_cBK
999 _c9482
_d9482